| 000 | 00576nam a22002057a 4500 | ||
|---|---|---|---|
| 003 | OSt | ||
| 008 | 260430b |||||||| |||| 00| 0 eng d | ||
| 082 |
_a634.44 _bS48P |
||
| 100 | _aSingh, Birendra Kumar. | ||
| 245 |
_aPost-Harvest Studies of Mango (mangifera indica) _cby Birendra Kumar Singh |
||
| 260 |
_a.- Sabour, Bhagalpur _b: Bihar Agricultural College, RAU _c, 1988 |
||
| 300 | _a124p. | ||
| 502 |
_bPh. D. _d1988 |
||
| 650 | _aHorticulture | ||
| 650 | _aMangoes | ||
| 650 | _aPostharvest Technology | ||
| 650 | _aThesis | ||
| 650 | _aPh. D. | ||
| 942 |
_2ddc _cBK |
||
| 999 |
_c50314 _d50314 |
||